[Event "WCPL 1920"]
[Site "?"]
[Date "2019.10.20"]
[Round "1.1"]
[White "Kett, Tim"]
[Black "Zeidler, Sven P."]
[Result "1/2-1/2"]
[WhiteElo "2184"]
[BlackElo "2185"]
[PlyCount "50"]
[EventCountry "WLS"]
[SourceVersionDate "2019.10.22"]
[WhiteTeam "The Full Ponty"]
[BlackTeam "Abergavenny"]

{[%evp 0,50,33,13,94,76,84,76,73,4,12,-1,17,12,22,32,32,-2,10,-8,5,-25,8,-36,
-47,-57,-45,-47,-41,-51,-27,-27,10,-16,20,9,26,32,19,2,-19,-70,-65,-65,-3,0,0,
0,0,0,0,0,0]} 1. d4 f5 2. Nc3 Nf6 3. Bg5 d5 4. Bxf6 exf6 5. e3 Be6 6. Bd3 Nc6
7. Qf3 Qd7 8. O-O-O O-O-O 9. h3 g5 10. Nge2 h5 11. g3 h4 12. Qg2 Be7 13. Kb1
Rdg8 14. a3 hxg3 15. fxg3 Na5 16. Qf2 c6 17. Rdf1 Nc4 18. Bxc4 dxc4 19. e4 fxe4
20. d5 Bxd5 21. Qxa7 b5 22. Qa8+ Kc7 23. Qa7+ Kc8 24. Qa8+ Kc7 25. Qa7+ Kc8
1/2-1/2

[Event "WCPL 1920"]
[Site "?"]
[Date "2019.10.20"]
[Round "1.2"]
[White "Morris, Charles F"]
[Black "Fletcher, John"]
[Result "0-1"]
[WhiteElo "2088"]
[BlackElo "2002"]
[PlyCount "72"]
[EventCountry "WLS"]
[SourceVersionDate "2019.10.22"]
[WhiteTeam "Abergavenny"]
[BlackTeam "The Full Ponty"]

{[%evp 0,72,33,13,13,5,5,-12,-2,-9,0,0,-15,-12,28,-9,14,30,22,15,29,15,15,4,38,
32,49,-1,0,0,18,26,39,26,34,57,32,10,29,10,19,-2,-67,-67,-84,-95,-91,-104,-66,
-51,-26,-27,15,0,8,2,2,-13,-1,-43,-24,-71,-73,-73,9,-42,205,-60,-60,-60,1,-66,
0,-605,-534]} 1. Nf3 d5 2. e3 Nf6 3. c4 e6 4. Nc3 Be7 5. d4 O-O 6. a3 a5 7. Qc2
b6 8. cxd5 exd5 9. Bd3 Ba6 10. Ne5 Bd6 11. f4 Re8 12. O-O c5 13. Rf3 Bxd3 14.
Qxd3 Qc8 15. Bd2 c4 16. Qc2 Nbd7 17. Raf1 Nf8 18. Be1 Qb7 19. Rh3 b5 20. a4 b4
21. Nb5 Ne4 22. g4 Ra6 23. Qg2 f6 24. Nf3 Rc8 25. Nd2 Bb8 26. Nxe4 dxe4 27. f5
h6 28. Bg3 Nh7 29. Bxb8 Rxb8 30. d5 Ng5 31. Rh5 Qxd5 32. Nc7 Nf3+ 33. Kh1 Qc6
34. Nxa6 Rd8 35. Qc2 Rd2 36. Qb1 Qd6 0-1

[Event "WCPL 1920"]
[Site "?"]
[Date "2019.10.20"]
[Round "1.4"]
[White "Llewellyn, David"]
[Black "Perrett, David C"]
[Result "1/2-1/2"]
[WhiteElo "1879"]
[BlackElo "1945"]
[PlyCount "24"]
[EventCountry "WLS"]
[SourceVersionDate "2019.10.22"]
[WhiteTeam "Abergavenny"]
[BlackTeam "The Full Ponty"]

{[%evp 0,24,26,13,55,1,64,-10,19,22,21,8,3,-3,11,20,32,12,-2,7,72,18,21,6,9,25,
24]} 1. d4 f5 2. Bg5 Nf6 3. Bxf6 exf6 4. e3 g6 5. Qf3 d5 6. Bd3 Be6 7. Ne2 c6
8. Nd2 Nd7 9. h4 Qc7 10. h5 Bh6 11. Nb3 O-O-O 12. O-O-O Qd6 1/2-1/2

[Event "WCPL 1920"]
[Site "?"]
[Date "2019.10.20"]
[Round "1.5"]
[White "Jukes, Sam"]
[Black "Parry, Matthew"]
[Result "1-0"]
[WhiteElo "1897"]
[BlackElo "1913"]
[PlyCount "133"]
[EventCountry "WLS"]
[SourceVersionDate "2019.10.22"]
[WhiteTeam "The Full Ponty"]
[BlackTeam "Abergavenny"]

{[%evp 0,133,23,31,51,51,44,51,84,65,69,47,47,51,57,8,88,47,80,33,80,57,59,61,
51,47,82,82,101,104,107,102,88,94,109,84,173,197,197,196,157,157,153,153,141,
164,197,159,191,159,173,159,242,189,280,251,297,213,175,175,159,122,164,129,
129,119,126,120,127,41,133,100,143,100,134,182,185,181,181,210,212,210,234,266,
273,271,276,216,236,247,266,204,209,221,221,129,132,181,194,175,185,164,186,
159,151,153,118,154,168,118,124,135,124,121,104,110,112,112,177,116,147,156,
164,149,307,205,320,307,325,324,324,330,480,572,998,436]} 1. e4 d5 2. exd5 Nf6
3. d4 Bg4 4. Bb5+ Nbd7 5. Ne2 a6 6. Bd3 Nxd5 7. O-O N7f6 8. Bd2 e6 9. c4 Nb6
10. Be3 Be7 11. Nbc3 O-O 12. f3 Bh5 13. Nf4 Nbd7 14. Nxh5 Nxh5 15. Qc2 Nhf6 16.
Rad1 Kh8 17. Ne4 e5 18. dxe5 Nxe5 19. Nxf6 Bxf6 20. Bxh7 Qe7 21. Be4 c6 22.
Rfe1 Qc7 23. Bf2 g6 24. c5 Kg7 25. Bg3 Qe7 26. Rd6 Rad8 27. f4 Ng4 28. Qd1 Rxd6
29. cxd6 Qd7 30. Qd3 c5 31. h3 Bd4+ 32. Kf1 Nf6 33. Bxg6 Qxd6 34. Be4 b5 35. f5
Qd7 36. Bf4 Nh5 37. Be5+ f6 38. Bxd4 Qxd4 39. Qxd4 cxd4 40. Kf2 Re8 41. Kf3 Kh6
42. g4 Ng7 43. Rd1 Rd8 44. Bb7 a5 45. Ba6 b4 46. Bb5 Kg5 47. Re1 d3 48. Rd1 Kh4
49. Bxd3 Ne8 50. Kg2 Rd4 51. Be2 Rxd1 52. Bxd1 Nd6 53. Be2 Ne4 54. Bd3 Ng5 55.
Bf1 Nxh3 56. Kf3 Ng5+ 57. Kf4 Nf7 58. Be2 a4 59. Ke4 a3 60. b3 Ne5 61. Kd5 Nxg4
62. Ke6 Nf2 63. Kxf6 Ne4+ 64. Ke5 Ng5 65. f6 Kg3 66. Bc4 Kf3 67. Kd4 1-0

[Event "WCPL 1920"]
[Site "?"]
[Date "2019.10.20"]
[Round "1.6"]
[White "Saunders, Walter N. R."]
[Black "Harris, Calum"]
[Result "1-0"]
[WhiteElo "1989"]
[BlackElo "1808"]
[PlyCount "105"]
[EventCountry "WLS"]
[SourceVersionDate "2019.10.22"]
[WhiteTeam "Abergavenny"]
[BlackTeam "The Full Ponty"]

{[%evp 0,105,23,23,78,29,66,49,31,14,74,38,86,17,36,25,25,-8,-27,-16,-20,-17,
-8,-68,-75,-79,-59,-65,-56,-52,-52,-66,-74,-105,-91,-92,-82,-82,-77,-102,-80,
-75,-57,-42,-42,-47,-40,-32,-7,-21,62,59,20,41,38,27,354,349,349,363,431,381,
471,376,574,524,531,454,476,429,426,412,427,386,454,444,509,454,598,603,620,
620,702,548,554,556,564,512,586,679,679,488,487,408,601,601,642,732,1206,728,
805,795,1526,1181,1657,1707,1817,1844]} 1. Nf3 c5 2. c4 g6 3. g3 Bg7 4. Bg2 e6
5. O-O Nc6 6. e4 Nge7 7. Nc3 O-O 8. Ne1 Nd4 9. d3 b6 10. Nc2 Nec6 11. Ne3 Bb7
12. f4 f5 13. exf5 gxf5 14. Bd2 Qc7 15. Rf2 Nb4 16. Be1 Bxg2 17. Nxg2 a6 18. a3
Nbc6 19. Rb1 Ne7 20. Ne3 Ndc6 21. b4 Bd4 22. Qf3 Qd6 23. Ne2 cxb4 24. axb4 a5
25. Nxd4 Nxd4 26. Qd1 a4 27. Bc3 b5 28. c5 Qc7 29. Bxd4 Nc6 30. Bc3 h6 31. d4
Ne7 32. d5 Ng6 33. d6 Qb7 34. Qd4 Rf7 35. Ng2 Kh7 36. Ne1 Rg8 37. Nf3 Rfg7 38.
Qd2 Qe4 39. Re1 Qc4 40. Bxg7 Rxg7 41. Ne5 Nxe5 42. Rxe5 h5 43. Qe2 Qxb4 44.
Qxh5+ Kg8 45. Qd1 Qc4 46. Qc2 Qd4 47. c6 dxc6 48. Qxc6 Qd3 49. Rxe6 Rf7 50. Re7
Qb1+ 51. Kg2 Rxe7 52. dxe7 Qe4+ 53. Qxe4 1-0

[Event "WCPL 1920"]
[Site "?"]
[Date "2019.10.20"]
[Round "1.7"]
[White "Turner, Matthew"]
[Black "Kozusek, Daniel"]
[Result "1/2-1/2"]
[WhiteElo "2519"]
[BlackElo "2338"]
[PlyCount "34"]
[EventCountry "WLS"]
[SourceVersionDate "2019.10.22"]
[WhiteTeam "Tiny Rex"]
[BlackTeam "Cardiff"]

{[%evp 0,34,29,33,34,29,38,32,32,29,102,95,107,90,92,44,41,24,24,35,60,101,96,
33,33,39,39,10,10,-24,0,-24,-19,0,0,0,13]} 1. d4 Nf6 2. Nf3 e6 3. Bf4 c5 4. e3
b6 5. Nc3 Bb7 6. Nb5 Na6 7. Bd6 Ne4 8. Bxf8 Kxf8 9. Bd3 cxd4 10. Bxe4 Bxe4 11.
Nd6 Bd5 12. e4 Qe7 13. Nxf7 Kxf7 14. Ne5+ Kf6 15. Ng4+ Kf7 16. Ne5+ Kf6 17.
Ng4+ Kf7 1/2-1/2

[Event "WCPL 1920"]
[Site "?"]
[Date "2019.10.20"]
[Round "1.8"]
[White "Fowler, Hugo"]
[Black "Toczek, Grzegorz"]
[Result "0-1"]
[WhiteElo "1863"]
[BlackElo "2259"]
[PlyCount "80"]
[EventCountry "WLS"]
[SourceVersionDate "2019.10.22"]
[WhiteTeam "Tiny Rex"]
[BlackTeam "Cardiff"]

1. e4 e5 2. Nf3 Nc6 3. Bc4 Bc5 4. c3 Bb6 5. d3 Nf6 6. Bb3 d6 7. Nbd2 a6 8. Nf1
O-O 9. Ng3 h6 10. O-O Kh8 11. Be3 d5 12. Bxb6 cxb6 13. Qe2 d4 14. c4 Qd6 15.
Nh4 g6 16. Qd2 Kg7 17. h3 Ng8 18. f4 Qf6 19. Nhf5+ Kh7 20. fxe5 Qxe5 21. Rf4
gxf5 22. Nxf5 Nce7 23. Nxe7 Qxe7 24. Qf2 Be6 25. Qxd4 Qc5 26. Qf2 Rad8 27. Rd1
Rd4 28. Bc2 Ne7 29. b4 Qe5 30. Rf1 Ng6 31. Rf6 Rfd8 32. Qe3 R8d7 33. R1f3 Qg5
34. Qf2 Kg7 35. Kh2 h5 36. g3 Rxe4 37. h4 Qc1 38. dxe4 Rd2 39. Bb3 Ne5 40. R3f4
Rxf2+ 0-1

[Event "WCPL 1920"]
[Site "?"]
[Date "2019.10.20"]
[Round "1.9"]
[White "Bullen, Alex"]
[Black "Rathbone-Jones, Ifan"]
[Result "0-1"]
[WhiteElo "2139"]
[BlackElo "1879"]
[PlyCount "122"]
[EventCountry "WLS"]
[SourceVersionDate "2019.10.22"]
[WhiteTeam "Cardiff"]
[BlackTeam "Tiny Rex"]

1. d4 d5 2. Nf3 Nf6 3. e3 g6 4. Nbd2 Bg7 5. b4 a5 6. b5 c5 7. bxc6 Nxc6 8. Bb5
O-O 9. O-O Bf5 10. Bxc6 bxc6 11. Ne5 Qc7 12. Ba3 Nd7 13. Nd3 Rfe8 14. f4 Nf6
15. Ne5 h5 16. c4 Ne4 17. Nxe4 Bxe4 18. cxd5 Bxe5 19. fxe5 cxd5 20. Rc1 Qd7 21.
Rc5 Rac8 22. Rxa5 Rc2 23. Rf2 Rxf2 24. Kxf2 Qf5+ 25. Kg1 Rb8 26. Rc5 Qg5 27.
Qe2 Bxg2 28. h4 Qg3 29. Qf2 Qh3 30. Qxg2 Qxe3+ 31. Kh2 Qxa3 32. Rc2 Qd3 33. Rd2
Qe3 34. Qg5 Qe4 35. Rg2 Rb1 36. Qg3 Rd1 37. e6 Qxe6 38. Qe5 Qxe5+ 39. dxe5 Re1
40. a4 Ra1 41. Rd2 Rxa4 42. Rxd5 Rxh4+ 43. Kg3 Rg4+ 44. Kh3 Re4 45. Kg3 e6 46.
Ra5 Kg7 47. Kh3 Kh6 48. Ra7 Rf4 49. Ra8 Kg5 50. Ra7 Kf5 51. Rxf7+ Kxe5 52. Rg7
Rg4 53. Kh2 Ke4 54. Kh3 e5 55. Kh2 Ke3 56. Ra7 e4 57. Ra3+ Kf2 58. Ra2+ Kf3 59.
Ra3+ e3 60. Ra2 e2 61. Ra1 Rh4+ 0-1

[Event "WCPL 1920"]
[Site "?"]
[Date "2019.10.20"]
[Round "1.10"]
[White "McIntosh, David"]
[Black "Ralphs, Nigel"]
[Result "1/2-1/2"]
[WhiteElo "1555"]
[BlackElo "1984"]
[PlyCount "91"]
[EventCountry "WLS"]
[SourceVersionDate "2019.10.22"]
[WhiteTeam "Tiny Rex"]
[BlackTeam "Cardiff"]

1. d4 d5 2. c4 c6 3. Nc3 Nf6 4. Nf3 dxc4 5. a4 Bf5 6. e3 e6 7. Bxc4 Bb4 8. O-O
O-O 9. Qb3 Qe7 10. Bd2 a5 11. Rfe1 Bg4 12. Ne5 Bh5 13. Be2 Bxe2 14. Rxe2 Nbd7
15. Nxd7 Qxd7 16. Qc2 Rfe8 17. Ne4 Nxe4 18. Qxe4 e5 19. Rae1 exd4 20. Qxd4 Qxd4
21. exd4 Rxe2 22. Rxe2 Bxd2 23. Rxd2 Kf8 24. Re2 Rd8 25. Re4 f5 26. Rf4 Ke7 27.
Kf1 Ke6 28. g4 fxg4 29. Rxg4 g6 30. Ke2 Kf5 31. f3 Re8+ 32. Kd3 Re1 33. Re4 Rf1
34. Re5+ Kf4 35. Ke2 Rxf3 36. Re7 Rb3 37. Rxh7 Rxb2+ 38. Kd3 Rb4 39. Re7 g5 40.
Rf7+ Kg4 41. Kc3 Kh3 42. Rh7+ Kg2 43. Rg7 Kxh2 44. Rxg5 Rxa4 45. d5 cxd5 46.
Rxd5 1/2-1/2

[Event "WCPL 1920"]
[Site "?"]
[Date "2019.10.20"]
[Round "1.11"]
[White "Fathallah, Joe"]
[Black "McIntosh, Rachel"]
[Result "1-0"]
[WhiteElo "1904"]
[BlackElo "1513"]
[PlyCount "105"]
[EventCountry "WLS"]
[SourceVersionDate "2019.10.22"]
[WhiteTeam "Cardiff"]
[BlackTeam "Tiny Rex"]

1. d4 Nf6 2. c4 g6 3. Nc3 Bg7 4. e4 d6 5. f3 O-O 6. Be3 e5 7. d5 a5 8. Qd2 Ne8
9. Bd3 f5 10. exf5 Bxf5 11. Bxf5 gxf5 12. Bg5 Qd7 13. Nge2 Qf7 14. O-O-O Nd7
15. Rdg1 Nef6 16. g4 fxg4 17. fxg4 Qg6 18. h4 h6 19. Bxf6 Bxf6 20. g5 hxg5 21.
hxg5 Bg7 22. Ng3 Kf7 23. Nh5 Rh8 24. Rf1+ Ke7 25. Nxg7 Qxg7 26. Ne4 b6 27. Qe2
Rxh1 28. Rxh1 Rf8 29. Rf1 Rxf1+ 30. Qxf1 Qg6 31. Qf3 Qf7 32. Qg2 Qg6 33. Kd2
Nc5 34. Nxc5 dxc5 35. Qg4 Kd6 36. Ke3 c6 37. Qe6+ Qxe6 38. dxe6 Kxe6 39. Ke4 b5
40. b3 a4 41. bxa4 bxa4 42. a3 Kf7 43. Kxe5 Kg6 44. Kd6 Kxg5 45. Kxc6 Kf5 46.
Kxc5 Ke5 47. Kb6 Kd4 48. c5 Kc3 49. c6 Kb3 50. c7 Kxa3 51. c8=Q Ka2 52. Qc2+
Ka3 53. Qc4 1-0

[Event "WCPL 1920"]
[Site "?"]
[Date "2019.10.20"]
[Round "1.12"]
[White "Fowler, Caspian"]
[Black "Jones, Derek"]
[Result "0-1"]
[WhiteElo "1493"]
[BlackElo "1961"]
[PlyCount "134"]
[EventCountry "WLS"]
[SourceVersionDate "2019.10.22"]
[WhiteTeam "Tiny Rex"]
[BlackTeam "Cardiff"]

1. e4 e6 2. d4 d5 3. e5 c5 4. c3 Nc6 5. Nf3 Qb6 6. a3 c4 7. Be2 Bd7 8. O-O f6
9. exf6 Nxf6 10. Qc2 Qc7 11. Re1 Bd6 12. h3 O-O 13. Bg5 Rae8 14. Nbd2 e5 15.
dxe5 Nxe5 16. Rad1 Ng6 17. Nd4 Nf4 18. Bxf4 Bxf4 19. Bf3 Qc8 20. Nf1 Rxe1 21.
Rxe1 Re8 22. Re2 Rxe2 23. Qxe2 Qe8 24. Qxe8+ Bxe8 25. Ne2 Bd6 26. Ne3 Bf7 27.
g3 g5 28. Nf5 Bf8 29. Ned4 a6 30. Bg2 b5 31. Nc6 Be6 32. Ne3 Bc5 33. g4 Kf8 34.
Nb8 d4 35. cxd4 Bxd4 36. Nd1 Bc8 37. Nc6 Bc5 38. Nc3 Ke8 39. Ne5 Ke7 40. Nf3 h6
41. Nd2 Bd7 42. Bb7 a5 43. Ba6 b4 44. axb4 axb4 45. Nce4 Nxe4 46. Nxe4 Bd4 47.
Bxc4 Bxb2 48. Kf1 Be6 49. Bxe6 Kxe6 50. Ke2 Ke5 51. Ng3 b3 52. Kd2 Kf4 53. Nf5
h5 54. Nh6 h4 55. Nf7 Bf6 56. Nd6 b2 57. Kc2 Kf3 58. Kb1 Kg2 59. Ne4 Bd8 60.
Kxb2 Kxh3 61. Kc2 Kg2 62. Kd2 h3 63. Ke2 h2 64. Ng3 Bc7 65. Nh1 Kxh1 66. Kf1
Bf4 67. f3 Bg3 0-1

[Event "WCPL 1920"]
[Site "?"]
[Date "2019.10.20"]
[Round "1.13"]
[White "Williams, A. Howard"]
[Black "Garcia, Jason"]
[Result "1/2-1/2"]
[WhiteElo "2241"]
[BlackElo "2050"]
[Annotator "kemen"]
[PlyCount "51"]
[EventCountry "WLS"]
[SourceVersionDate "2019.10.22"]
[WhiteTeam "Cardigan"]
[BlackTeam "White Knights"]

{[%evp 0,15,36,14,48,14,14,24,43,54,53,53,41,47,84,55,55,24]} 1. Nf3 c5 2. c4
Nf6 3. Nc3 b6 (3... Nc6 {main}) 4. e3 (4. g3 {main}) 4... e6 (4... Bb7 5. d4
cxd4 6. exd4 e6) 5. d4 cxd4 (5... Bb7) 6. exd4 d5 (6... Bb7 {still the main
variant}) 7. cxd5 Nxd5 8. Ne5 (8. Bb5+ Bd7 9. Bxd7+ Nxd7 {3 draws, 1 Bl win} (
9... Qxd7 {3 Wh wins, 1 draw})) 8... Bb4 9. Bb5+ Bd7 10. Qf3 {Cloud Engines} (
10. Nxd7 Nxd7 {1 win each, 2 draws}) 10... O-O (10... Qf6 {looked at in pm
analysis} 11. Qd3 $16 {Fritz13 SE & Komodo13} (11. Qxf6 gxf6 12. Nxd7 Nxc3 13.
bxc3 Bxc3+ 14. Bd2 Bxd2+ 15. Kxd2 Nxd7 16. Rhc1 Kd8 $11 {Komodo13})) 11. Nxd7
Nxd7 12. O-O (12. Bc6 Rc8 13. Bxd5 exd5 14. O-O Nf6 (14... Bxc3 15. bxc3 Qc7
$15 {Komodo13}) 15. Bg5 Bxc3 16. bxc3 Rc6 {Haussler-Helmsbold, GER ch tm U16,
Burg Stargard 2002,1/2-1/2}) 12... Nxc3 (12... N7f6 13. Bg5 Rc8 14. Ba6 Rc7 15.
Nb5 Rd7 16. Rac1 Qa8 17. Rc4 Be7 18. a3 h6 19. Bh4 g5 20. Bg3 Nf4 {Hernandez
Onna -Rodriguez Vila, San Martin 1994,1/2-1/2}) (12... Bxc3 13. bxc3 a6 $11 {
Komodo13}) 13. bxc3 $16 Bd6 14. Qb7 {the Q looks out of place here, with
little support from accompanying pieces} (14. a4 $16) (14. Bd2 $16 {Komodo13})
(14. g3 Nf6 15. Rb1 $16 {Fritz13 SE}) 14... Nf6 15. g3 h6 (15... Nd5 $11 {
both Engines}) 16. Re1 (16. Qf3 {both Engines}) 16... Nd5 17. Bd2 Qc8 18. Qxc8
Raxc8 19. c4 Nf6 (19... Nb4 {seen by Bl after moving, & pm analysis} 20. Bxb4
Bxb4 21. Red1 Rfd8 $11) (19... Bb4 {pm analysis} 20. Red1 (20. cxd5 Bxd2 21.
Re5 exd5 22. Rd1 Bb4 23. Rxd5 Rfd8 24. Rxd8+ Rxd8 25. Kg2 $11 {Komodo13}) 20...
Bxd2 (20... Nc3 21. Bxc3 Bxc3 22. Rab1 Rfd8 23. d5 exd5 24. cxd5 Be5 $11) 21.
cxd5 (21. Rxd2 Nc7 $11) 21... Rc2 22. Bd3 Rb2 23. Rab1 Rxb1 24. Bxb1 Bc3 25.
dxe6 fxe6 26. d5 Rd8 27. Be4 exd5 28. Bxd5+ Kf8 $11 {Komodo13}) 20. a4 $16 {
Wh is clearly better but as noted in pm analysis, Bl is solid} Rfd8 21. Ba6 (
21. a5 Bf8 22. axb6 axb6 23. Ba6 Rb8 24. Bf4 Bd6 25. Be3 Bb4 26. Rec1 Bd6 $14 {
Komodo13-still doesn't get Wh much further}) 21... Rb8 (21... Rc7) 22. Bc3 Ne8
23. Bb5 Nc7 24. Bc6 (24. Re3 Nxb5 25. axb5 Rd7 26. Ra4 Rc8 $11 {Komodo13})
24... Rdc8 25. Bd7 Rd8 26. Bc6 1/2-1/2

[Event "WCPL 1920"]
[Site "?"]
[Date "2019.10.20"]
[Round "1.14"]
[White "Young, Alan"]
[Black "Jones, Iolo C"]
[Result "1/2-1/2"]
[WhiteElo "2015"]
[BlackElo "2172"]
[PlyCount "63"]
[EventCountry "WLS"]
[SourceVersionDate "2019.10.22"]
[WhiteTeam "White Knights"]
[BlackTeam "Cardigan"]

{[%evp 0,18,22,10,10,7,11,8,-11,-26,-26,-26,-19,-19,-2,-3,5,3,-1,-3,-11]} 1. e4
e5 2. Nc3 {appears to be a new (anti-Petroff) departure for Alan} Nf6 3. f4 d5
4. fxe5 Nxe4 5. Nf3 Nc6 (5... Be7 {main}) (5... Bg4 6. Qe2 Nxc3 7. dxc3 Nc6 8.
Bf4 Qd7 9. O-O-O O-O-O {Matsuura-Jones, Elista ol 1998,1/2-1/2}) (5... c5 6. d3
Nxc3 7. bxc3 d4 8. c4 Nc6 {J Gilbert-Jones, WCC 2003,0-1}) 6. Bb5 a6 (6... Be7
7. Qe2 Nxc3 8. dxc3 O-O 9. Bf4 Be6 10. O-O-O a6 11. Bd3 {Bordonada-Jones,
Buenos Aires ol 1978,1-0}) 7. Bxc6+ bxc6 8. Qe2 (8. O-O Be6 9. Qe1 Ng5 10. Qg3
Nxf3+ 11. Rxf3 Qb8 12. Ne2 Qb6+ 13. d4 h6 14. Rb3 {'and White had a strong
initiative in Cheng- I.Jones, Manila Olympiad 1992' Lane-Vienna Game 2000:16. 
(1-0)}) 8... Nxc3 (8... Ng5 $5) 9. dxc3 a5 {seemingly to put the B on a6 &
deter Wh from 0-0. However the B seems best placed on its current diagonal &
it also it weakens Bl's Q side & makes it less safe for a K ( cf the Matsuura
game cited above)} (9... Be7 10. O-O O-O 11. Bf4 Qd7 12. Qe1 c5 13. h3 Qc6 14.
Qg3 Qg6 15. Rf2 {Angelov-Todorov, Primovo op 2017, draw agreed}) (9... Rb8 {
deterring 0-0-0 -Komodo13}) 10. Bf4 Be7 11. O-O-O Bg4 {Bl changes his mind} (
11... O-O {Komodo13}) 12. Qf2 Bxf3 (12... O-O 13. h3 Bf5 14. Rhe1 c5 $11 {
Komodo13}) 13. gxf3 $14 {the open g file makes 0-0 look less attractive} Bg5 (
13... O-O {still preferred by Komodo13} 14. Rhg1 Kh8 $14) 14. Bxg5 Qxg5+ 15. f4
Qe7 (15... Qf5 16. Rhg1 O-O 17. Rg5 $16 {Komodo13}) 16. f5 $16 O-O-O 17. Rhe1
Kb7 18. Rd3 (18. f6 gxf6 19. exf6 Qd6 20. Re7 Rhf8 21. h4 $16 {Komodo13}) (18.
Rd4 g6 19. f6 Qe6 20. Ra4 Ra8 21. b3 $16 {Komodo13}) 18... Rhe8 19. Kb1 g6 20.
f6 (20. Rf3 Qg5 21. a3 Rd7 22. e6 fxe6 23. fxe6 Rde7 24. Rf8 Rxf8 25. Qxf8 Qh4
26. Re5 $16 {but there is no clear way though for Wh}) 20... Qf8 (20... Qe6)
21. a3 Re6 22. Qh4 h5 23. Qa4 (23. Qf2 $16) 23... Qc5 $14 24. c4 (24. Qf4)
24... d4 (24... Kc8 $11) 25. b4 {trying too hard?} (25. Re4 Kc8 26. h4 Rd7 $11
{Komodo13}) 25... Qxc4 $17 26. Rb3 Kc8 $17 (26... Ka6 {also} 27. Qxa5+ Kb7 28.
Qc5 Qxc5 29. bxc5+ Kc8 $17 {Komodo13}) 27. Qxa5 Qb5 (27... Kb7 $1 {threatens
to win the Q} 28. Qc5 Qxc5 29. bxc5+ Kc8 30. Rg3 Rd5 (30... Rde8 31. Rg5 Rxf6 {
Stockfish10}) 31. Rg5 Kd7 $19 {Komodo13 & Stockfish10- the K cmes to e6 tying
the Wh Rs down, then a Bl R is free to harass loose Wh pawns}) 28. Qa8+ $11 Kd7
(28... Qb8) 29. Qa7 Kc8 30. Qa8+ Kd7 31. Qa7 Qb6 32. Qa4 $11 1/2-1/2